ARRUPE JESUIT UNIVERSITY

CORONAVIRUS -STOP THE SPREAD - CLEAN,DISINFECT,COVER

Limits to medicine : (Record no. 125293)

MARC details
000 -LEADER
fixed length control field 01083cam a2200337 i 4500
001 - CONTROL NUMBER
control field 3670639
003 - CONTROL NUMBER IDENTIFIER
control field ARRUPE
005 - DATE AND TIME OF LATEST TRANSACTION
control field 20160920143909.0
008 - FIXED-LENGTH DATA ELEMENTS--GENERAL INFORMATION
fixed length control field 770524s1976 enk b 001 0 eng
010 ## - LIBRARY OF CONGRESS CONTROL NUMBER
LC control number 77356700
015 ## - NATIONAL BIBLIOGRAPHY NUMBER
National bibliography number GB76-17306
020 ## - INTERNATIONAL STANDARD BOOK NUMBER
International Standard Book Number 071452512X :
Terms of availability £4.95
040 ## - CATALOGING SOURCE
Original cataloging agency DLC
Transcribing agency DLC
Modifying agency DLC
050 00 - LIBRARY OF CONGRESS CALL NUMBER
Classification number RA418
Item number .I44 1976
082 00 - DEWEY DECIMAL CLASSIFICATION NUMBER
Classification number 362.1
300 ## - PHYSICAL DESCRIPTION
Dimensions 23 cm.
100 1# - MAIN ENTRY--PERSONAL NAME
Personal name Illich, Ivan,
Dates associated with a name 1926-2002.
9 (RLIN) 3524
240 10 - UNIFORM TITLE
Uniform title <a href="Medical nemesis">Medical nemesis</a>
245 00 - TITLE STATEMENT
Title Limits to medicine :
Remainder of title medical nemesis, the expropriation of health /
Statement of responsibility, etc Ivan Illich.
250 ## - EDITION STATEMENT
Edition statement [New ed.].
260 ## - PUBLICATION, DISTRIBUTION, ETC. (IMPRINT)
Place of publication, distribution, etc London :
Name of publisher, distributor, etc Boyars,
Date of publication, distribution, etc 1976.
300 ## - PHYSICAL DESCRIPTION
Extent viii, 294 p. ;
500 ## - GENERAL NOTE
General note Definitive version of Medical nemesis.
504 ## - BIBLIOGRAPHY, ETC. NOTE
Bibliography, etc Includes bibliographical references and indexes.
650 #0 - SUBJECT ADDED ENTRY--TOPICAL TERM
Topical term or geographic name as entry element Social medicine.
9 (RLIN) 25991
650 #0 - SUBJECT ADDED ENTRY--TOPICAL TERM
Topical term or geographic name as entry element Medicine
General subdivision Philosophy.
9 (RLIN) 17118
650 #0 - SUBJECT ADDED ENTRY--TOPICAL TERM
Topical term or geographic name as entry element Medical care.
9 (RLIN) 25992
650 #0 - SUBJECT ADDED ENTRY--TOPICAL TERM
Topical term or geographic name as entry element Latrogenic diseases.
9 (RLIN) 25993
700 1# - ADDED ENTRY--PERSONAL NAME
Personal name Illich, Ivan,
Dates associated with a name 1926-2002.
Title of a work Medical nemesis.
9 (RLIN) 25994
906 ## - LOCAL DATA ELEMENT F, LDF (RLIN)
a 7
b cbc
c orignew
d 3
e ncip
f 19
g y-gencatlg
942 ## - ADDED ENTRY ELEMENTS (KOHA)
Source of classification or shelving scheme Library of Congress Classification
Koha item type Monograph ( Printed materials)
Holdings
Withdrawn status Lost status Source of classification or shelving scheme Damaged status Not for loan Collection code Home library Current library Shelving location Date acquired Total Checkouts Full call number Barcode Date last seen Date checked out Price effective from Koha item type
    Library of Congress Classification     Main Collection ARRUPE LIBRARY ARRUPE LIBRARY Main Collection 20/09/2016 1 RA418.I44 1976 46500010051 02/07/2019 07/11/2016 20/09/2016 Monograph ( Printed materials)

 

Arrupe Library. PO Box MP320 Mt Pleasant, Harare, Zimbabwe
263 242 745411|librarian@aju.ac.zw